Sabrina Carpenter - Paroles Nobody's Son - Statistiques

Statistiques générales
  • Ce quiz a été pris 104 fois
    103 depuis la dernière actualisation
  • Le résultat moyen est 223 sur 259
Statistiques - réponses
Hint Réponse % Correct
woah)
100%
a
99%
ah)
99%
(Ah)
99%
(Ah
99%
I
99%
in
99%
in,
99%
me
99%
Couplet 2 Me?
99%
me,
99%
So
99%
so
99%
crying
97%
he
97%
(he
97%
He
97%
(Oh,
97%
the
97%
to
97%
and
96%
And,
96%
I'm
96%
on
96%
that
96%
Bridge That
96%
we
96%
woah,
96%
All
94%
bed,
94%
friends
94%
go
94%
love,
94%
love
94%
my
94%
one
94%
again,
93%
for
93%
No,
93%
no
93%
no,
93%
you
93%
feeling
91%
Refrain Here
91%
they
91%
familiar
90%
it
90%
son,
90%
what
90%
your
90%
call
88%
can
88%
nobody's
88%
That's
88%
break
87%
it's
87%
think
87%
third
87%
time
87%
you're
87%
Couplet 1 "Hi,
85%
yeah,
85%
(Yeah)
85%
believe
84%
(Believe
84%
great
84%
grow
84%
hope
84%
is
84%
said
84%
took
84%
wheeling
84%
boy
82%
Probably
81%
corrupt
79%
emotionally"
79%
up
79%
anyone
76%
baby
76%
'bout
76%
good
76%
like
76%
rest,
76%
he's
75%
talking
75%
There's
75%
yes,
75%
left
72%
sure
72%
control
71%
daily
71%
not
71%
would
71%
fucked
69%
self
69%
thought
69%
Could
68%
deceiving
68%
fine
68%
Just
68%
PTSD
68%
guessed,
66%
discovered
63%
him
63%
maybe?
63%
eventually
62%
Get
62%
raise
59%
this
59%
This
59%
week)
59%
week
59%
should've
56%
But
46%
reach
43%
out
40%
cave
32%
siree,
19%
Aucun quiz correspondant
Distribution des résultats
% des personnes avec chaque résultat
Percentile par nombre de réponses
Votre historique - résultats
Vous n’avez pas pris ce quiz depuis la dernière actualisation